000 00425nam a2200157Ia 4500
999 _c22344
_d22344
003 OSt
005 20200611131059.0
008 190216s9999||||xx |||||||||||||| ||und||
040 _coclc
082 _a297
_bFAI/B
100 _aFaisee, P M K
_92088
245 0 _aBalqees /
_cP M K Faisee
260 _bPoomkavanam Books Publishers.
_c1975.
300 _a98p
942 _cBK
_2ddc
_h297
_iFAI/B
_k297
_mFAI/B